000
00210 a2200097 4500
001
42398
100
_a
Barnes I.H
245
_a
Air navigation
260
_a
London
_b
Majesty's office
_c
090
_c
26330
_d
26330
942
_a
NUST-CAE
_c
M
_c
18148
999
_c
277471
_d
277471